Toronto Raptors 2020s Top 10 Leaders - Statistics

General Stats
  • This quiz has been taken 172 times
    3 since last reset
  • The average score is 9 of 17
Answer Stats
Player % Correct
Kyle Lowry
100%
Pascal Siakam
100%
Scottie Barnes
100%
Brandon Ingram
67%
Chris Boucher
67%
Fred VanVleet
67%
Immanuel Quickley
67%
Jakob Poeltl
67%
Jamal Shead
67%
RJ Barrett
67%
Gary Trent Jr.
33%
Gradey Dick
33%
OG Anunoby
33%
Christian Koloko
0%
Malachi Flynn
0%
Ochai Agbaji
0%
Precious Achiuwa
0%
No matching quizzes found
Score Distribution
Percent of People with Each Score
Percentile by Number Answered
Your Score History
You have not taken this quiz since the last reset